000 00469nam a2200193Ia 4500
005 20240823042335.0
008 240823s9999||||xx |||||||||||||| ||und||
041 _aENGLISH
082 _A658.562 Q1
100 _aJayakumar V
245 0 _aTotal Quality Management
250 _a8th
260 _c2011
_b"Lakshmi Publications,New "
500 _aTRANSFERED
650 _aTotal Quality
_bManagement Studies
700 _a Raju R
942 _cBK
999 _c207640
_d207640